Using Web 2.0 Tool Podcast in Teaching Foreign Languages

Analýza využitia podcastov ako nástroja Webu 2.0 pri výučbe anglického a nemeckého jazyka. Vplyv používania podcastov na výrazné zlepšenie sluchového vnímania respondentov. Uskutočnenie experimentu a dotazníkov. Vyhodnotenie výsledkov.

Guardado en:
Detalles Bibliográficos
Autor principal: Štefančík, Radoslav, 1976-
Otros Autores: Stradiotová, Eva, 1963-
Formato: Capítulo de libro
Lenguaje:inglés
Materias:
Etiquetas: Agregar Etiqueta
Sin Etiquetas, Sea el primero en etiquetar este registro!

MARC

LEADER 00000naa a2200000 4500
001 0263602
005 20251219095857.0
041 0 |a eng 
044 |a UA 
245 1 0 |a Using Web 2.0 Tool Podcast in Teaching Foreign Languages  |c Radoslav Štefančík, Eva Stradiotová 
520 |a Analýza využitia podcastov ako nástroja Webu 2.0 pri výučbe anglického a nemeckého jazyka. Vplyv používania podcastov na výrazné zlepšenie sluchového vnímania respondentov. Uskutočnenie experimentu a dotazníkov. Vyhodnotenie výsledkov. 
610 2 0 |a technológie informačné 
610 2 0 |a technológie komunikačné 
610 2 0 |a technológie nové 
610 2 0 |a vyučovanie 
610 2 0 |a internet 
610 2 0 |a jazyky cudzie 
610 2 0 |a podcast 
100 1 |a Štefančík, Radoslav, 1976- 
700 1 |a Stradiotová, Eva, 1963-